000 00641nam a2200241Ia 4500
003 OSt
005 20220928102808.0
006 a|||||r|||| 00| 0
007 ta
008 220927b |||||||| |||| 00| 0 eng d
024 _a59114
037 _cTextual
040 _aSDCL
_cSDCL
_beng
041 _2eng
_aeng
082 _aV2'C, P4
100 _aThapar Romila
_9389041
245 0 _aVansh se rajye tak
260 _aNew Delhi
_bGranth Shilpi
_c2004
300 _a180p
_ccm.
700 _a Mangalnath Singh Tr.
_9400367
942 _hV2'C, P4
_cTEXL
_2CC
999 _c716278
_d716278